Catálogo
 En Linea

Los Estados Unidos en el derrocamiento de Trujillo / (Registro nro. 20889)

Detalles MARC
000 -CABECERA
campo de control de longitud fija 01786nam a2200337 i 4500
001 - NÚMERO DE CONTROL
campo de control 000021389
003 - IDENTIFICADOR DEL NÚMERO DE CONTROL
campo de control DO-SdBNP
005 - FECHA Y HORA DE LA ÚLTIMA TRANSACCIÓN
campo de control 20250822075438.0
007 - CAMPO FIJO DE DESCRIPCIÓN FÍSICA--INFORMACIÓN GENERAL
campo de control de longitud fija ta
008 - DATOS DE LONGITUD FIJA--INFORMACIÓN GENERAL
campo de control de longitud fija 100907t1985 dr abc 001 0 spa d
040 ## - FUENTE DE LA CATALOGACIÓN
Centro catalogador/agencia de origen DO-SdBNP
Lengua de catalogación spa
Centro/agencia transcriptor BNPHU
Normas de descripción rda
041 ## - CÓDIGO DE LENGUA
Código de lengua del texto/banda sonora o título independiente sp
049 ## - FONDOS LOCALES (OCLC)
Fondos de biblioteca BNPD
082 #4 - NÚMERO DE LA CLASIFICACIÓN DECIMAL DEWEY
Número de clasificación 972.93053
Número de documento/Ítem G861e 1985
Número de edición 22
100 1# - ENTRADA PRINCIPAL--NOMBRE DE PERSONA
Nombre de persona Grimaldi, Víctor,
Fechas asociadas al nombre 1949-
Término indicativo de función/relación autor
9 (RLIN) 1699
245 14 - MENCIÓN DE TÍTULO
Título Los Estados Unidos en el derrocamiento de Trujillo /
Mención de responsabilidad, etc. Víctor Grimaldi.
250 ## - MENCIÓN DE EDICIÓN
Mención de edición Segunda edición
264 ## - PRODUCCIÓN, PUBLICACIÓN, DISTRIBUCIÓN, FABRICACIÓN Y COPYRIGHT
Producción, publicación, distribución, fabricación y copyright Santo Domingo :
Nombre del de productor, editor, distribuidor, fabricante Amigo del Hogar,
Fecha de producción, publicación, distribución, fabricación o copyright 1985.
300 ## - DESCRIPCIÓN FÍSICA
Extensión 127 páginas :
Otras características físicas ilustraciones mapas., retratos. ;
Dimensiones 21 cm.
336 ## - TIPO DE CONTENIDO
Término de tipo de contenido rdacontent
Código de tipo de contenido texto
Fuente txt
337 ## - TIPO DE MEDIO
Nombre/término del tipo de medio rdamedia
Código del tipo de medio sin mediación
Fuente n
338 ## - TIPO DE SOPORTE
Nombre/término del tipo de soporte rdacarrier
Código del tipo de soporte volumen
Fuente nc
505 0# - NOTA DE CONTENIDO CON FORMATO
Nota de contenido con formato Presentación
Título Quisieron perpetuar la tiranía en 1959 --
-- Mientras tanto, ¿Qué pasó con Batista? --
-- ... Y en 1960 le ofrecieron dólares al Jefe para que abandonara el poder por las buenas --
-- ..Y como el Jefe rechazó el US$ Fondo de Eisenhower, la CIA se metió en el complot --
-- ... Y continuaron interviniendo en la vida dominicana --
-- 14 Años antes, en 1947 los Estados Unidos abortaron la invasión de Cayo Confites --
Información miscelánea Anexo :
Título (Parte D del informe, del Comité del Senado de Estados Unidos que investigó los planes de asesinato de líderes extranjeros en 1975).
590 ## - NOTA LOCAL (RLIN)
Nota local Inventariado, 2023/BT
600 10 - PUNTO DE ACCESO ADICIONAL DE MATERIA--NOMBRE DE PERSONA
Nombre de persona Trujillo Molina, Rafael Leónidas,
Fechas asociadas al nombre 1891-1961
9 (RLIN) 76764
651 #4 - PUNTO DE ACCESO ADICIONAL DE MATERIA--NOMBRE GEOGRÁFICO
Nombre geográfico Estados Unidos
Subdivisión general Relaciones exteriores
Subdivisión geográfica República Dominicana
9 (RLIN) 6309
651 #4 - PUNTO DE ACCESO ADICIONAL DE MATERIA--NOMBRE GEOGRÁFICO
Nombre geográfico República Dominicana
Subdivisión general Relaciones exteriores
Subdivisión geográfica Estados Unidos
9 (RLIN) 6308
651 #4 - PUNTO DE ACCESO ADICIONAL DE MATERIA--NOMBRE GEOGRÁFICO
Nombre geográfico República Dominicana
Subdivisión general Política y gobierno
Subdivisión cronológica Era de Trujillo, 1930-1961
9 (RLIN) 1374
910 ## - DATOS DE OPCIÓN DEL USUARIO (OCLC)
Datos de opción del usuario Validado. Control de calidad EMS.
942 ## - ELEMENTOS DE PUNTO DE ACCESO ADICIONAL (KOHA)
Fuente del sistema de clasificación o colocación Dewey Decimal Classification
Tipo de ítem Koha Libro
Existencias
Estado de retiro Estado de pérdida Fuente del sistema de clasificación o colocación Restricciones de uso No para préstamo Código de colección Localización permanente Ubicación/localización actual Ubicación en estantería Fecha de adquisición Signatura topográfica completa Código de barras Fecha visto por última vez Número de copia Precio válido a partir de Tipo de ítem Koha Fuente de adquisición Nota pública
    Dewey Decimal Classification Préstamo en sala   Dominicana de Servicio Biblioteca Nacional Pedro Henríquez Ureña Biblioteca Nacional Pedro Henríquez Ureña Depósito 28.03.2011 BNPHU DS 972.93053 G861e 1985 21389-30 25.06.2020 e. 3 25.06.2020 Libro    
    Dewey Decimal Classification Préstamo en sala   Dominicana de Servicio Biblioteca Nacional Pedro Henríquez Ureña Biblioteca Nacional Pedro Henríquez Ureña Depósito 28.03.2011 BNPHU DS 972.93053 G861e 1985 21389-40 25.06.2020 e. 4 25.06.2020 Libro Donación Perteneció a la biblioteca personal de Chiqui Vicioso / Fidelio Despradel.
    Dewey Decimal Classification Préstamo en sala   Dominicana de Servicio Biblioteca Nacional Pedro Henríquez Ureña Biblioteca Nacional Pedro Henríquez Ureña Depósito 19.04.2011 BNPHU DS 972.93053 G861e 1985 21389-50 25.06.2020 e. 5 25.06.2020 Libro Donación  
    Dewey Decimal Classification Excluido de préstamo   Patrimonio Dominicano Biblioteca Nacional Pedro Henríquez Ureña Biblioteca Nacional Pedro Henríquez Ureña Depósito 07.09.2010 BNPHU PD 972.93053 G861e 1985 21389-10 25.06.2020   25.06.2020 Libro    
    Dewey Decimal Classification Excluido de préstamo   Patrimonio Dominicano Biblioteca Nacional Pedro Henríquez Ureña Biblioteca Nacional Pedro Henríquez Ureña Depósito 01.03.2011 BNPHU PD 972.93053 G861e 1985 21389-20 25.06.2020 e. 2 25.06.2020 Libro    

Con tecnología Koha